Shemiṭah.

Saved in:
நூற்பட்டியல் விவரங்கள்
குழும எழுத்தாளர்: Manof, ha-merkaz le-medaʻ Yehudi, merkaz ha-hasbarah ha-ḥaredi. Maḥleket ha-pirsumim ṿeha-meḥḳarim.
வடிவம்: புத்தகம்
மொழி:Hebrew
பகுதிகள்:
குறியீடுகள்: குறிச்சொல் இணை
குறியீடுகள் இல்லை, இந்த குறிச்சொல்லை முதலில் பதிவு செய்யுங்கள்!
LEADER 00742nam a22002417a 4500
001 011341663-6
005 20151030114643.0
008 071030s2000 is 000 0 heb d
035 0 |a ocn664644492 
035 |a (IsJeAIW)wb2007339360 
037 |n 32044098681133 
040 |a IsJeAIW  |c IsJeAIW 
245 0 0 |6 880-01  |a Shemiṭah. 
300 |a 53 p. :  |b ill. ;  |c 30 cm. 
650 0 |a Sabbatical year (Judaism) 
650 0 |a Jewish law. 
710 2 |a Manof, ha-merkaz le-medaʻ Yehudi, merkaz ha-hasbarah ha-ḥaredi.  |b Maḥleket ha-pirsumim ṿeha-meḥḳarim. 
752 |a Israel  |d Jerusalem. 
880 0 0 |6 245-01  |a שמיטה. 
880 |6 260-00  |a ירושלים :  |b מנוף,  |c 2000. 
988 |a 20071217 
098 0 6 |a Heb 41509.483 
906 |0 VEN